Obscure songs from the 90s - Statistics

General Stats
  • This quiz has been taken 11 times
  • The average score is 2 of 15
Answer Stats
Hint Answer % Correct
Walk on the Ocean Toad the Wet Sprocket
40%
December Collective Soul
30%
Say What You Want Texas
30%
Head Over Feet Alanis Morrisette
20%
Omaha Counting Crows
20%
Love Takes Time Mariah Carey
20%
Hazard Richard Marx
20%
Another Night The Real Mccoy
20%
Midlife Crisis Faith No More
10%
Nights Like This After Seven
0%
Your Imagination Brian Wilson
0%
Without Love Donna Lewis
0%
Love is a Lie Great White
0%
Life Haddaway
0%
Lift Me Up Howard Jones
0%
No matching quizzes found
Score Distribution
Percent of People with Each Score
Percentile by Number Answered
Your Score History
You have not taken this quiz